00618nam a2200181 a 4500008004100000020001500041020001500056050001600071100002300087245008100110260005000191300002200241350000900263500004000272650005000312700001900362856005500381060316s2001 ||||||||||||||||| || u a0521650070 a0521011736 aT 57.62 Mat aCumberbatch, Ellis10aMathematical modeling : case studies from industrycedited Ellis Cumberbatch aCambridge :bCambridge University Pressc2001 axv, 299 p. : ill. a0.00 aIncludes bibliographical references aMATHEMATICAL MODELS - INDUSTRIAL APPLICATIONS aFitt, Alistair uhttp://www.loc.gov/catdir/toc/cam022/00054672.html